Estadísticas para Alimentos que comienzan con P

Haz click aquí para intentar la prueba.

Estadísticas generales

  • Esta prueba ha sido intentada 1.262 veces
  • La puntuación promedio es 15 de 20

Estadísticas de respuestas

Respuesta% Correcto
Pizza
100%
Pera
98%
Piña
98%
Plátano
95%
Pepino
94%
Palomitas
93%
Paella
90%
Papaya
90%
Pimiento
90%
Pistacho
85%
Panqueque
83%
Pretzel
82%
Perro caliente
81%
Perejil
74%
Pavo
68%
Pesto
53%
Prosciutto
44%
Pita
43%
Pacana
32%
Pozole
27%

Distribución de puntuación

Porcentaje por número respondido

Porcentaje de gente con cada puntuación

Historial de tus puntuaciones

No has intentado esta prueba.